Rail Transport vehicles by Picture - Statistics

General Stats
  • This quiz has been taken 40 times
  • The average score is 6 of 9
Answer Stats
Picture Answer % Correct
Tram / Light Rail
94%
Monorail
89%
High Speed Rail
86%
Metro / Subway / Underground
86%
Maglev
72%
{Freight} Train
67%
Funicular
56%
Câble Car
47%
People Mover
39%
No matching quizzes found
Score Distribution
Percent of People with Each Score
Percentile by Number Answered
Your Score History
You have not taken this quiz